Största städerna på M i Asien, enligt bild - Statistics

General Stats
  • This quiz has been taken 6 times
  • The average score is 7 of 20
Answer Stats
Picture Hint Answer % Correct
🇵🇭 25 440 000 Manila
100%
🇸🇦 1 410 000 Medina
80%
🇮🇳 1 470 000 Madurai (Madura)
60%
🇮🇷 3 000 000 Mashhad
60%
🇸🇦 2 390 000 Mecka
60%
🇮🇩 2 100 000 Medan
60%
🇮🇶 1 360 000 Mosul
60%
🇮🇩 820 000 Malang
40%
🇲🇲 1 230 000 Mandalay
40%
🇵🇰 1 870 000 Multān
40%
🇨🇳 780 000 Mǎānshān
20%
🇮🇩 1 330 000 Makassar (Ujung Pandang)
20%
🇮🇳 1 420 000 Meerut
20%
🇹🇷 1 040 000 Mersin
20%
🇮🇳 990 000 Mysore (Mysuru)
20%
🇮🇳 1 700 000 Malappuram
0%
🇨🇳 1 310 000 Màomíng
0%
🇨🇳 1 550 000 Miányáng
0%
🇮🇳 890 000 Morādābād
0%
🇨🇳 810 000 Mǔdānjiāng
0%
No matching quizzes found
Score Distribution
Percent of People with Each Score
Percentile by Number Answered
Your Score History
You have not taken this quiz